All Gulf of Guinea Cities 900k+ - Statistics

General Stats
  • This quiz has been taken 38 times
  • The average score is 8 of 11
Answer Stats
Country City Population % Correct
Ghana Accra 2.2 million
100%
Nigeria Lagos 17.5 million
100%
Togo Lome 1.8 million
94%
Angola Luanda 2.5 million
94%
Cote D'Ivoire Abidjan 4.3 million
91%
Cameroon Douala 2.7 million
78%
Nigeria Port Harcourt 1.8 million
69%
Congo Pointe Noire 1.2 million
66%
Nigeria Benin City 1.4 million
63%
Nigeria Ikorodu 989k
19%
Nigeria Uyo 1.2 million
19%
No matching quizzes found
Score Distribution
Percent of People with Each Score
Percentile by Number Answered
Your Score History
You have not taken this quiz